Manual de la audición /

Bibliographic Details
Other Authors: Serra, Silvana (Silvana Valeria) (Editor)
Format: Electronic eBook
Language:Spanish
Published: Córdoba, Argentina : Editorial Brujas, [2018]
Edition:2da edición ampliada.
Series:Fonoaudiología.
Subjects:
Online Access:Digitalia Hispánica

MARC

LEADER 00000nam a2200000 i 4500
001 DIGBRUJ242
003 NyNyDIG
007 cr |||||||||||
008 230114s2018 ag a ob 000 0 spa d
006 m o d
035 |a (OCoLC)1099963819 
040 |a DGITA  |b eng  |e rda  |e pn  |c DGITA 
020 |a 9789877601558  |q eBook 
020 |z 9789877601091 
050 1 4 |a RF290 ebook 
082 1 4 |a 617.8 
245 0 0 |a Manual de la audición /  |c Silvana V. Serra [and 3 others], (comps.) 
250 |a 2da edición ampliada. 
264 1 |a Córdoba, Argentina :  |b Editorial Brujas,  |c [2018] 
300 |a 1 online resource :  |b illustrations. 
336 |a text  |b txt  |2 rdacontent 
337 |a computer  |b c  |2 rdamedia 
338 |a online resource  |b cr  |2 rdacarrier 
347 |a text file  |2 rdaft 
347 |b PDF 
490 1 |a Fonoaudiología 
504 |a Includes bibliographical references. 
588 0 |a Online resource; title from PDF title page (Digitalia, viewed January 14, 2023) 
650 0 |a Audiometry. 
650 0 |a Hearing disorders. 
650 0 |a Audiology. 
700 1 |a Serra, Silvana  |q (Silvana Valeria),  |e editor. 
791 2 |a Digitalia (Firm),  |e distributor. 
793 0 |g Digitalia eBook Collection:  |a Editorial Brujas 
776 0 8 |i Print version:  |t Manual de la audición.  |b 2a ed.  |d Córdoba, Argentina : Editorial Brujas, [2018]  |z 9789877601091 
830 0 |a Fonoaudiología. 
856 4 0 |3 Digitalia Hispánica  |u https://www.digitaliapublishing.com/a/58634/ 
910 |a Premium collection: 2023